<?xml version="1.0" encoding="UTF-8"?><?xml-stylesheet type="text/xsl" href="static/style.xsl"?><OAI-PMH xmlns="http://www.openarchives.org/OAI/2.0/" xmlns:xsi="http://www.w3.org/2001/XMLSchema-instance" xsi:schemaLocation="http://www.openarchives.org/OAI/2.0/ http://www.openarchives.org/OAI/2.0/OAI-PMH.xsd"><responseDate>2026-04-13T01:28:37Z</responseDate><request verb="GetRecord" identifier="oai:www.recercat.cat:10459.1/465821" metadataPrefix="marc">https://recercat.cat/oai/request</request><GetRecord><record><header><identifier>oai:recercat.cat:10459.1/465821</identifier><datestamp>2025-09-15T18:50:13Z</datestamp><setSpec>com_2072_3622</setSpec><setSpec>col_2072_479130</setSpec></header><metadata><record xmlns="http://www.loc.gov/MARC21/slim" xmlns:dcterms="http://purl.org/dc/terms/" xmlns:xsi="http://www.w3.org/2001/XMLSchema-instance" xmlns:doc="http://www.lyncode.com/xoai" xsi:schemaLocation="http://www.loc.gov/MARC21/slim http://www.loc.gov/standards/marcxml/schema/MARC21slim.xsd">
   <leader>00925njm 22002777a 4500</leader>
   <datafield ind2=" " ind1=" " tag="042">
      <subfield code="a">dc</subfield>
   </datafield>
   <datafield ind2=" " ind1=" " tag="720">
      <subfield code="a">Martínez-Vidaurre, José María</subfield>
      <subfield code="e">author</subfield>
   </datafield>
   <datafield ind2=" " ind1=" " tag="720">
      <subfield code="a">Pérez-Álvarez, Eva Pilar</subfield>
      <subfield code="e">author</subfield>
   </datafield>
   <datafield ind2=" " ind1=" " tag="720">
      <subfield code="a">García-Escudero, Enrique</subfield>
      <subfield code="e">author</subfield>
   </datafield>
   <datafield ind2=" " ind1=" " tag="720">
      <subfield code="a">Ramos Martín, Ma. C. (Ma. Concepción)</subfield>
      <subfield code="e">author</subfield>
   </datafield>
   <datafield ind2=" " ind1=" " tag="720">
      <subfield code="a">Peregrina, Fernando</subfield>
      <subfield code="e">author</subfield>
   </datafield>
   <datafield ind2=" " ind1=" " tag="260">
      <subfield code="c">2024</subfield>
   </datafield>
   <datafield ind2=" " ind1=" " tag="520">
      <subfield code="a">Soil water availability during the vine growth cycle can affect yield and grape quality. The objective was to evaluate the effect of soil water holding capacity (AWC) and available soil water (ASW) throughout the growing cycle on the nutritional status, vigor, production, and composition of grapes and wine. The study was conducted in the municipality of Uruñuela in the DOCa Rioja (Spain). The soils of four rainfed vineyard plots were characterized to determine AWC and its impacts on vine, grape, and wine composition. The N, P, and K foliar content, vigor, grape yield, berry weight, and composition of must and wine were analyzed in those vineyard plots during the period 2010–2014. The ASW was simulated in each plot and each year analyzed, considering the soil properties and the weather conditions, after model calibration in one plot in which soil water content was registered. The results showed that AWC influenced ASW along the growing cycle, so vines suffered from water stress in some periods of the vegetative cycle. Plots with higher AWC had higher ASW from fruit set to ripening and lower water stress during this period, which explains the higher N, P, and K foliar content, vigor and grape yield, and lower polyphenol and anthocyanin content in grapes and wines. The period where water availability had the most influence on the quality of the grapes was from veraison to ripening, during which ASW increased berry weight and acidity and decreased anthocyanins and polyphenolic compounds.</subfield>
   </datafield>
   <datafield ind2=" " ind1=" " tag="520">
      <subfield code="a">This work was supported by MINECO, Instituto Nacional de Investigaci\u00F3n y Tecnolog\u00EDa Agraria y Alimentaria INIA, European Social Fund [grant number RTA2009-00101-00-00], and the Government of La Rioja. Eva Pilar P\u00E9rez-\u00C1lvarez also acknowledges the Spanish Ministry of Science, Innovation and Universities (MCIU) for her \u201CJuan de la Cierva Incorporaci\u00F3n\u201D postdoctoral grant (IJC2019-040502-I).</subfield>
   </datafield>
   <datafield tag="653" ind2=" " ind1=" ">
      <subfield code="a">Anthocyanins</subfield>
   </datafield>
   <datafield tag="653" ind2=" " ind1=" ">
      <subfield code="a">Hydric stress</subfield>
   </datafield>
   <datafield tag="653" ind2=" " ind1=" ">
      <subfield code="a">Polyphenols</subfield>
   </datafield>
   <datafield tag="653" ind2=" " ind1=" ">
      <subfield code="a">Soil rooting depth</subfield>
   </datafield>
   <datafield ind2="0" ind1="0" tag="245">
      <subfield code="a">Differences in soil water holding capacity and available soil water along growing cycle can explain differences in vigour, yield, and quality of must and wine in the DOCa Rioja</subfield>
   </datafield>
</record></metadata></record></GetRecord></OAI-PMH>